| 000 | 01462nam a2200421 i 4500 | ||
|---|---|---|---|
| 001 | 14393 | ||
| 003 | KOSZ 005 | ||
| 005 | 20190731111324.0 | ||
| 008 | 070608s1972 pl a f 001 0 pol | ||
| 015 | _aPB 1972/5049 | ||
| 035 | _a991035800019705066 | ||
| 035 | _a(PL-WaBN)b19625686-48omnis_nlop | ||
| 035 | _ab19625686 | ||
| 035 | _a(OCoLC)839117754 | ||
| 035 | _a(PL)b0000001962568 | ||
| 035 | _a(EXLNZ-48OMNIS_NETWORK)9910332718605606 | ||
| 040 |
_aWA N _cWA N _dKOSZ 005/RW |
||
| 046 | _k1972 | ||
| 080 | _a517 | ||
| 100 | 1 |
_aMarcinkowska, Hanna _d(1926-2012). _eAutor |
|
| 245 | 1 | 0 |
_aWstęp do teorii równań różniczkowych cząstkowych / _cHanna Marcinkowska. |
| 260 |
_aWarszawa : _bPaństwowe Wydawnictwo Naukowe, _c1972. |
||
| 300 |
_a419, [4] stron : _bilustracje ; _c25 cm. |
||
| 336 |
_aTekst _btxt _2rdacontent |
||
| 337 |
_aBez urządzenia pośredniczącego _bn _2rdamedia |
||
| 338 |
_aWolumin _bnc _2rdacarrier |
||
| 380 | _aKsiążki | ||
| 388 | _a1901-2000 | ||
| 490 | 1 |
_aBiblioteka Matematyczna ; _vt. 43 |
|
| 504 | _aBibliografia na stronach [402]-409. Indeks. | ||
| 658 | _aMatematyka | ||
| 650 | 7 |
_aRównania różniczkowe _2DBN |
|
| 710 | 2 |
_aPaństwowe Wydawnictwo Naukowe _4pbl. |
|
| 830 | 0 |
_aBiblioteka Matematyczna, _vt. 43 |
|
| 856 |
_uhttp://koha.tu.koszalin.pl/cgi-bin/koha/opac-detail.pl?biblionumber=14393 _yKatalog online BPK |
||
| 942 |
_2UKD _cKS |
||
| 999 |
_c14393 _d14393 |
||